| 000 | 00444nam a22001817a 4500 | ||
|---|---|---|---|
| 003 | MPLRDC | ||
| 005 | 20220104124517.0 | ||
| 008 | 210129b ||||| |||| 00| 0 eng d | ||
| 082 | _a308 NDWK v.14 | ||
| 100 | _a施冰心译 | ||
| 245 |
_a21世纪. 全脑型人的时代 _c |
||
| 250 | _a初版 | ||
| 260 |
_a _b牛顿出版社 _c1986 |
||
| 300 | _b平 | ||
| 490 | _a牛顿文库. 14 | ||
| 650 | _a科学丛书 | ||
| 942 |
_cBK _o308 NDWK v.14 |
||
| 999 |
_c19905 _d19895 |
||